[Event "English Womens Championships 2024"]
[Site "Kenilworth, United Kingdom"]
[Date "2024.06.20"]
[Round "2.2"]
[White "Varney, Zoe"]
[Black "Mirzoeva, Elmira"]
[Result "0-1"]
[TimeControl "G:90 minutes + 30 seconds added per move"]
[WhiteFideId "436135"]
[BlackFideId "4127951"]
[WhiteElo "2070"]
[BlackElo "2260"]

1. e4 {[%clk 01:28:08]} {[%emt 00:02:51]} c6 {[%clk 01:30:52]} {[%emt
00:00:08]} 2. d4 {[%clk 01:28:26]} {[%emt 00:00:12]} d5 {[%clk 01:31:05]}
{[%emt 00:00:18]} 3. e5 {[%clk 01:28:33]} {[%emt 00:00:22]} Bf5 {[%clk
01:31:06]} {[%emt 00:00:28]} 4. h4 {[%clk 01:28:50]} {[%emt 00:00:13]} h5
{[%clk 01:30:54]} {[%emt 00:00:43]} 5. Bd3 {[%clk 01:28:52]} {[%emt 00:00:28]}
Bxd3 {[%clk 01:30:49]} {[%emt 00:00:35]} 6. Qxd3 {[%clk 01:29:13]} {[%emt
00:00:09]} Qa5+ {[%clk 01:30:40]} {[%emt 00:00:40]} 7. Nd2 {[%clk 01:25:22]}
{[%emt 00:04:20]} e6 {[%clk 01:29:46]} {[%emt 00:01:24]} 8. Ngf3 {[%clk
01:24:07]} {[%emt 00:01:45]} Qa6 {[%clk 01:26:09]} {[%emt 00:04:07]} 9. c4
{[%clk 01:20:57]} {[%emt 00:03:40]} Nh6 {[%clk 01:20:15]} {[%emt 00:06:24]} 10.
O-O {[%clk 01:06:43]} {[%emt 00:14:44]} Be7 {[%clk 01:17:01]} {[%emt 00:03:45]}
11. b3 {[%clk 00:55:22]} {[%emt 00:11:50]} Nf5 {[%clk 01:14:49]} {[%emt
00:02:42]} 12. g3 {[%clk 00:54:10]} {[%emt 00:01:42]} Nd7 {[%clk 01:12:31]}
{[%emt 00:02:50]} 13. Bb2 {[%clk 00:43:57]} {[%emt 00:10:42]} O-O {[%clk
01:12:02]} {[%emt 00:00:58]} 14. Kg2 {[%clk 00:37:48]} {[%emt 00:06:39]} g6
{[%clk 00:59:15]} {[%emt 00:13:17]} 15. Rfd1 {[%clk 00:31:28]} {[%emt
00:06:51]} c5 {[%clk 00:52:59]} {[%emt 00:06:46]} 16. Qf1 {[%clk 00:18:06]}
{[%emt 00:13:52]} Rfd8 {[%clk 00:44:18]} {[%emt 00:09:11]} 17. cxd5 {[%clk
00:14:45]} {[%emt 00:03:51]} Qxf1+ {[%clk 00:44:03]} {[%emt 00:00:45]} 18. Nxf1
{[%clk 00:15:08]} {[%emt 00:00:06]} exd5 {[%clk 00:44:20]} {[%emt 00:00:13]} 19.
dxc5 {[%clk 00:10:34]} {[%emt 00:05:04]} Nxc5 {[%clk 00:44:09]} {[%emt
00:00:41]} 20. Nd4 {[%clk 00:08:34]} {[%emt 00:02:30]} Nxd4 {[%clk 00:42:33]}
{[%emt 00:02:07]} 21. Bxd4 {[%clk 00:08:56]} {[%emt 00:00:08]} Ne6 {[%clk
00:41:52]} {[%emt 00:01:11]} 22. Ne3 {[%clk 00:08:12]} {[%emt 00:01:13]} Ba3
{[%clk 00:23:31]} {[%emt 00:18:51]} 23. Nc2 {[%clk 00:06:50]} {[%emt 00:01:52]}
Nxd4 {[%clk 00:20:30]} {[%emt 00:03:31]} 24. Nxa3 {[%clk 00:04:13]} {[%emt
00:03:07]} Nc6 {[%clk 00:20:43]} {[%emt 00:00:16]} 25. f4 {[%clk 00:04:32]}
{[%emt 00:00:11]} a6 {[%clk 00:18:27]} {[%emt 00:02:47]} 26. Rd2 {[%clk
00:04:35]} {[%emt 00:00:27]} Rac8 {[%clk 00:17:15]} {[%emt 00:01:42]} 27. Rad1
{[%clk 00:02:34]} {[%emt 00:02:31]} Nb4 {[%clk 00:14:56]} {[%emt 00:02:49]} 28.
Nc4 {[%clk 00:02:17]} {[%emt 00:00:47]} b5 {[%clk 00:11:12]} {[%emt 00:04:14]}
29. Nd6 {[%clk 00:02:00]} {[%emt 00:00:47]} Rc6 {[%clk 00:09:02]} {[%emt
00:02:40]} 30. Kf2 {[%clk 00:01:20]} {[%emt 00:01:11]} Kf8 {[%clk 00:04:55]}
{[%emt 00:04:37]} 31. a3 {[%clk 00:01:29]} {[%emt 00:00:20]} Nc2 {[%clk
00:05:23]} {[%emt 00:00:02]} 32. Rc1 {[%emt 00:00:49]} Nd4 33. Rxc6 Nxc6 34.
Rxd5 {[%clk 00:01:09]} Ke7 {[%clk 00:04:08]} {[%emt 00:04:12]} 35. Rc5 {[%clk
00:00:47]} {[%emt 00:00:26]} Nd4 {[%clk 00:03:36]} {[%emt 00:01:02]} 36. Rc3
{[%clk 00:00:53]} {[%emt 00:00:24]} f6 {[%clk 00:02:46]} {[%emt 00:01:20]} 37.
Nc8+ {[%clk 00:00:53]} {[%emt 00:00:30]} Ke6 {[%clk 00:02:30]} {[%emt
00:00:43]} 38. exf6 {[%clk 00:00:57]} {[%emt 00:00:29]} Nxb3 {[%clk 00:01:47]}
{[%emt 00:01:14]} 39. Rxb3 {[%clk 00:00:37]} {[%emt 00:00:50]} Rxc8 {[%clk
00:02:15]} {[%emt 00:00:02]} 40. Rd3 {[%clk 00:00:53]} {[%emt 00:00:13]} Rc6
{[%clk 00:02:30]} {[%emt 00:00:11]} 41. Kf3 {[%clk 00:00:45]} {[%emt 00:00:42]}
Kxf6 {[%clk 00:02:50]} {[%emt 00:00:11]} 42. Ke4 {[%clk 00:01:03]} {[%emt
00:00:11]} Ke6 {[%clk 00:03:17]} {[%emt 00:00:03]} 43. Kf3 {[%clk 00:00:41]}
{[%emt 00:00:53]} a5 {[%clk 00:02:02]} {[%emt 00:01:45]} 44. Rb3 {[%clk
00:00:43]} {[%emt 00:00:28]} Rb6 {[%clk 00:01:53]} {[%emt 00:00:39]} 45. g4
{[%clk 00:00:54]} {[%emt 00:00:19]} Kd5 {[%clk 00:02:02]} {[%emt 00:00:20]} 46.
gxh5 {[%clk 00:00:36]} {[%emt 00:00:48]} gxh5 {[%clk 00:02:32]} 47. Rb1 {[%clk
00:00:53]} {[%emt 00:00:13]} b4 {[%clk 00:02:38]} {[%emt 00:00:24]} 48. axb4
{[%clk 00:00:54]} {[%emt 00:00:29]} axb4 {[%clk 00:02:59]} {[%emt 00:00:08]} 49.
Ke3 {[%clk 00:01:04]} {[%emt 00:00:20]} Kc4 {[%clk 00:02:10]} {[%emt 00:01:19]}
50. Ke4 {[%clk 00:01:28]} {[%emt 00:00:06]} b3 {[%clk 00:02:20]} {[%emt
00:00:21]} 51. f5 {[%clk 00:01:02]} {[%emt 00:00:56]} b2 {[%clk 00:02:01]}
{[%emt 00:00:49]} 52. Ke5 {[%clk 00:01:28]} {[%emt 00:00:04]} Kc3 {[%clk
00:02:20]} {[%emt 00:00:10]} 53. f6 {[%clk 00:01:50]} {[%emt 00:00:08]} Kc2
{[%clk 00:02:33]} {[%emt 00:00:17]} 54. Rxb2+ {[%clk 00:02:03]} {[%emt
00:00:17]} Rxb2 {[%clk 00:02:56]} {[%emt 00:00:07]} 55. f7 {[%clk 00:02:27]}
{[%emt 00:00:06]} Rb8 {[%clk 00:03:23]} {[%emt 00:00:04]} 56. Kf6 {[%clk
00:02:29]} {[%emt 00:00:27]} Kd3 {[%clk 00:03:09]} {[%emt 00:00:44]} 57. Kg6
{[%clk 00:02:22]} {[%emt 00:00:37]} Ke4 {[%clk 00:03:01]} {[%emt 00:00:37]} 58.
Kxh5 {[%clk 00:02:28]} {[%emt 00:00:24]} Kf5 {[%clk 00:03:17]} {[%emt
00:00:10]} 59. Kh6 {[%clk 00:02:54]} {[%emt 00:00:09]} Kf6 {[%clk 00:03:36]}
{[%emt 00:00:10]} 60. Kh7 {[%clk 00:03:17]} {[%emt 00:00:07]} Kxf7 {[%clk
00:03:57]} {[%emt 00:00:09]} 61. h5 {[%clk 00:03:42]} {[%emt 00:00:05]} Rb6
{[%clk 00:04:02]} {[%emt 00:00:23]} 62. h6 {[%clk 00:04:07]} {[%emt 00:00:07]}
Kf8 {[%clk 00:04:21]} {[%emt 00:00:09]} 0-1

[Event "English Womens Championships 2024"]
[Site "Kenilworth, United Kingdom"]
[Date "2024.06.20"]
[Round "2.3"]
[White "Hryshchenko, Kamila"]
[Black "Longson, Sarah N"]
[Result "1-0"]
[TimeControl "G:90 minutes + 30 seconds added per move"]
[WhiteFideId "14147491"]
[BlackFideId "2501465"]
[WhiteElo "2161"]
[BlackElo "1981"]

1. e4 {[%clk 01:27:30]} {[%emt 00:03:30]} e5 {[%clk 01:30:54]} {[%emt
00:00:07]} 2. Nf3 {[%clk 01:27:50]} {[%emt 00:00:09]} Nc6 {[%clk 01:31:20]}
{[%emt 00:00:05]} 3. Bb5 {[%clk 01:28:14]} {[%emt 00:00:07]} a6 {[%clk
01:30:58]} {[%emt 00:00:52]} 4. Ba4 {[%clk 01:28:39]} {[%emt 00:00:04]} Nf6
{[%clk 01:31:03]} {[%emt 00:00:24]} 5. O-O {[%clk 01:28:45]} {[%emt 00:00:25]}
d6 {[%clk 01:29:42]} {[%emt 00:01:51]} 6. d4 {[%clk 01:24:23]} {[%emt
00:04:52]} Bd7 {[%clk 01:27:41]} {[%emt 00:02:31]} 7. c3 {[%clk 01:18:25]}
{[%emt 00:06:28]} g6 {[%clk 01:26:38]} {[%emt 00:01:33]} 8. Nbd2 {[%clk
01:15:23]} {[%emt 00:03:32]} Bg7 {[%clk 01:24:54]} {[%emt 00:02:14]} 9. Bxc6
{[%clk 01:10:50]} {[%emt 00:05:03]} Bxc6 {[%clk 01:25:17]} {[%emt 00:00:07]} 10.
dxe5 {[%clk 01:10:49]} {[%emt 00:00:31]} Nxe4 {[%clk 01:22:53]} {[%emt
00:02:54]} 11. Nxe4 {[%clk 01:10:40]} {[%emt 00:00:39]} Bxe4 {[%clk 01:23:03]}
{[%emt 00:00:20]} 12. Ng5 {[%clk 01:04:40]} {[%emt 00:06:30]} Bf5 {[%clk
01:15:19]} {[%emt 00:08:14]} 13. exd6 {[%clk 01:04:37]} {[%emt 00:00:33]} O-O
{[%clk 01:15:32]} {[%emt 00:00:17]} 14. Bf4 {[%clk 00:59:01]} {[%emt 00:06:05]}
cxd6 {[%clk 01:13:06]} {[%emt 00:02:57]} 15. Qxd6 {[%clk 00:59:14]} {[%emt
00:00:16]} h6 {[%clk 01:10:22]} {[%emt 00:03:13]} 16. Nf3 {[%clk 00:59:19]}
{[%emt 00:00:25]} Qxd6 {[%clk 01:05:38]} {[%emt 00:05:16]} 17. Bxd6 {[%clk
00:59:41]} {[%emt 00:00:07]} Rfd8 {[%clk 01:06:03]} {[%emt 00:00:05]} 18. Bf4
{[%clk 00:57:10]} {[%emt 00:03:01]} g5 {[%clk 01:05:50]} {[%emt 00:00:44]} 19.
Be3 {[%clk 00:57:20]} {[%emt 00:00:18]} g4 {[%clk 00:58:11]} {[%emt 00:08:09]}
20. Nd4 {[%clk 00:56:14]} {[%emt 00:01:36]} Bxd4 {[%clk 00:55:58]} {[%emt
00:02:44]} 21. Bxd4 {[%clk 00:56:22]} {[%emt 00:00:22]} Re8 {[%clk 00:55:52]}
{[%emt 00:00:35]} 22. f3 {[%clk 00:55:37]} {[%emt 00:01:16]} Bd3 {[%clk
00:53:53]} {[%emt 00:02:29]} 23. Rf2 {[%clk 00:55:28]} {[%emt 00:00:40]} h5
{[%clk 00:48:59]} {[%emt 00:05:23]} 24. fxg4 {[%clk 00:54:45]} {[%emt
00:01:13]} hxg4 {[%clk 00:49:26]} {[%emt 00:00:03]} 25. Rf6 {[%clk 00:52:10]}
{[%emt 00:03:05]} Re2 {[%clk 00:47:44]} {[%emt 00:02:12]} 26. Raf1 {[%clk
00:37:08]} {[%emt 00:15:32]} Rxb2 {[%clk 00:39:54]} {[%emt 00:08:21]} 27. R1f4
{[%clk 00:35:46]} {[%emt 00:01:51]} Rb1+ {[%clk 00:31:24]} {[%emt 00:09:01]} 28.
Kf2 {[%clk 00:36:10]} {[%emt 00:00:06]} Rf1+ {[%clk 00:31:26]} {[%emt
00:00:28]} 29. Ke3 {[%clk 00:36:29]} {[%emt 00:00:11]} Rxf4 {[%clk 00:31:40]}
{[%emt 00:00:16]} 30. Rxf4 {[%clk 00:28:39]} {[%emt 00:08:19]} Bc4 {[%clk
00:31:24]} {[%emt 00:00:46]} 31. Rxg4+ {[%clk 00:29:00]} {[%emt 00:00:09]} Kh7
{[%clk 00:30:56]} {[%emt 00:00:58]} 32. a3 {[%clk 00:22:57]} {[%emt 00:06:34]}
Bd5 {[%clk 00:22:25]} {[%emt 00:09:00]} 33. Rg5 {[%clk 00:13:18]} {[%emt
00:10:09]} Be6 {[%clk 00:17:25]} {[%emt 00:05:30]} 34. Kf4 {[%clk 00:13:09]}
{[%emt 00:00:40]} Rd8 {[%clk 00:14:31]} {[%emt 00:03:23]} 35. g4 {[%clk
00:13:00]} {[%emt 00:00:39]} Rg8 {[%clk 00:09:07]} {[%emt 00:05:55]} 36. Rh5+
{[%clk 00:13:10]} {[%emt 00:00:20]} Kg6 {[%clk 00:09:35]} {[%emt 00:00:02]} 37.
Rc5 {[%clk 00:11:49]} {[%emt 00:01:51]} Kh7 {[%clk 00:08:19]} {[%emt 00:01:45]}
38. h3 {[%clk 00:11:47]} {[%emt 00:00:32]} Rg6 {[%clk 00:06:26]} {[%emt
00:02:22]} 39. Rc7 {[%clk 00:11:11]} {[%emt 00:01:07]} b5 {[%clk 00:02:27]}
{[%emt 00:04:29]} 40. Ra7 {[%clk 00:11:32]} {[%emt 00:00:09]} Bd5 {[%clk
00:02:33]} {[%emt 00:00:24]} 41. Rd7 {[%clk 00:11:45]} {[%emt 00:00:17]} Bc4
{[%clk 00:02:39]} {[%emt 00:00:24]} 42. g5 {[%clk 00:10:36]} {[%emt 00:01:39]}
Rg8 {[%clk 00:02:01]} {[%emt 00:01:09]} 43. Ra7 {[%clk 00:10:40]} {[%emt
00:00:26]} Rg6 {[%clk 00:01:02]} {[%emt 00:01:29]} 44. Ra8 {[%clk 00:10:55]}
{[%emt 00:00:15]} Re6 {[%clk 00:01:02]} {[%emt 00:00:27]} 45. Rh8+ {[%clk
00:11:17]} {[%emt 00:00:11]} Kg6 {[%clk 00:01:31]} {[%emt 00:00:02]} 46. Rh6#
{[%clk 00:11:40]} {[%emt 00:00:06]} 1-0

[Event "English Womens Championships 2024"]
[Site "Kenilworth, United Kingdom"]
[Date "2024.06.20"]
[Round "2.4"]
[White "Rida, Ruqayyah"]
[Black "Dicen, Elis Denele"]
[Result "1-0"]
[TimeControl "G:90 minutes + 30 seconds added per move"]
[WhiteFideId "343272375"]
[BlackFideId "462560"]
[WhiteElo "1962"]
[BlackElo "2073"]

1. e4 {[%clk 01:30:54]} {[%emt 00:00:05]} c5 {[%clk 01:30:56]} {[%emt
00:00:05]} 2. Nf3 {[%clk 01:31:14]} {[%emt 00:00:09]} d6 {[%clk 01:31:20]}
{[%emt 00:00:06]} 3. d4 {[%clk 01:31:40]} {[%emt 00:00:04]} cxd4 {[%clk
01:31:43]} {[%emt 00:00:08]} 4. Nxd4 {[%clk 01:32:03]} {[%emt 00:00:06]} Nf6
{[%clk 01:32:05]} {[%emt 00:00:08]} 5. Nc3 {[%clk 01:32:28]} {[%emt 00:00:05]}
a6 {[%clk 01:32:27]} {[%emt 00:00:08]} 6. f3 {[%clk 01:32:46]} {[%emt
00:00:12]} e5 {[%clk 01:32:49]} {[%emt 00:00:08]} 7. Nb3 {[%clk 01:33:11]}
{[%emt 00:00:06]} Be7 {[%clk 01:33:07]} {[%emt 00:00:11]} 8. Be3 {[%clk
01:33:25]} {[%emt 00:00:16]} Be6 {[%clk 01:33:05]} {[%emt 00:00:32]} 9. Qd2
{[%clk 01:33:30]} {[%emt 00:00:25]} h5 {[%clk 01:33:21]} {[%emt 00:00:14]} 10.
O-O-O {[%clk 01:33:12]} {[%emt 00:00:48]} Nbd7 {[%clk 01:33:17]} {[%emt
00:00:33]} 11. Kb1 {[%clk 01:32:12]} {[%emt 00:01:30]} Qc7 {[%clk 01:32:12]}
{[%emt 00:01:35]} 12. Be2 {[%clk 01:29:02]} {[%emt 00:03:41]} b5 {[%clk
01:28:38]} {[%emt 00:04:04]} 13. Nd5 {[%clk 01:22:37]} {[%emt 00:06:55]} Nxd5
{[%clk 01:25:34]} {[%emt 00:03:34]} 14. exd5 {[%clk 01:22:57]} {[%emt
00:00:09]} Bf5 {[%clk 01:25:50]} {[%emt 00:00:14]} 15. Rc1 {[%clk 01:13:33]}
{[%emt 00:09:55]} Rc8 {[%clk 01:16:43]} {[%emt 00:09:36]} 16. Na5 {[%clk
01:11:23]} {[%emt 00:02:40]} Nb8 {[%clk 00:51:01]} {[%emt 00:26:12]} 17. Ka1
{[%clk 01:07:58]} {[%emt 00:03:56]} O-O {[%clk 00:42:40]} {[%emt 00:08:50]} 18.
c4 {[%clk 01:06:05]} {[%emt 00:02:24]} Bd8 {[%clk 00:40:28]} {[%emt 00:02:42]}
19. Nc6 {[%clk 00:57:52]} {[%emt 00:08:43]} Nxc6 {[%clk 00:32:20]} {[%emt
00:08:37]} 20. cxb5 {[%clk 00:50:44]} {[%emt 00:07:38]} axb5 {[%clk 00:30:00]}
{[%emt 00:02:51]} 21. Rxc6 {[%clk 00:43:50]} {[%emt 00:07:23]} Qb7 {[%clk
00:27:42]} {[%emt 00:02:46]} 22. Rhc1 {[%clk 00:42:00]} {[%emt 00:02:22]} Ra8
{[%clk 00:26:19]} {[%emt 00:01:53]} 23. Qc3 {[%clk 00:34:11]} {[%emt 00:08:19]}
Bf6 {[%clk 00:21:08]} {[%emt 00:05:40]} 24. Qb4 {[%clk 00:24:59]} {[%emt
00:09:43]} Bd7 {[%clk 00:17:14]} {[%emt 00:04:24]} 25. Rxd6 {[%clk 00:20:47]}
{[%emt 00:04:43]} Be7 {[%clk 00:16:27]} {[%emt 00:01:16]} 26. Rxd7 {[%clk
00:20:29]} {[%emt 00:00:49]} Qxd7 {[%clk 00:16:10]} {[%emt 00:00:47]} 27. Qxb5
{[%clk 00:20:27]} {[%emt 00:00:32]} Qf5 {[%clk 00:15:26]} {[%emt 00:01:11]} 28.
Bd3 {[%clk 00:14:11]} {[%emt 00:06:48]} Qf6 {[%clk 00:15:08]} {[%emt 00:00:48]}
29. Be4 {[%clk 00:13:21]} {[%emt 00:01:21]} Rfb8 {[%clk 00:13:47]} {[%emt
00:01:50]} 30. Qc6 {[%clk 00:12:38]} {[%emt 00:01:14]} Bd6 {[%clk 00:12:41]}
{[%emt 00:01:34]} 31. Qd7 {[%clk 00:11:49]} {[%emt 00:01:20]} g6 {[%clk
00:09:45]} {[%emt 00:03:26]} 32. g3 {[%clk 00:08:30]} {[%emt 00:03:50]} Rd8
{[%clk 00:09:14]} {[%emt 00:01:01]} 33. Qb5 {[%clk 00:08:20]} {[%emt 00:00:41]}
Qe7 {[%clk 00:09:14]} {[%emt 00:00:28]} 34. Rc6 {[%clk 00:05:44]} {[%emt
00:03:07]} Rdb8 {[%clk 00:06:35]} {[%emt 00:03:08]} 35. Qc4 {[%clk 00:04:25]}
{[%emt 00:01:50]} Kg7 {[%clk 00:05:17]} {[%emt 00:01:48]} 36. Bd2 {[%clk
00:02:47]} {[%emt 00:02:08]} Rb7 {[%clk 00:04:42]} {[%emt 00:01:04]} 37. Bc3
{[%clk 00:02:40]} {[%emt 00:00:36]} Rba7 {[%clk 00:03:03]} {[%emt 00:02:10]} 38.
Bb1 {[%clk 00:03:09]} {[%emt 00:00:02]} Ra4 {[%clk 00:03:07]} {[%emt 00:00:26]}
39. Qe2 {[%clk 00:02:51]} {[%emt 00:00:48]} Kg8 {[%clk 00:02:20]} {[%emt
00:01:17]} 40. b3 {[%clk 00:02:12]} {[%emt 00:01:10]} Ra3 {[%clk 00:02:39]}
{[%emt 00:00:11]} 41. Qb2 {[%clk 00:01:29]} {[%emt 00:01:12]} R3a7 {[%clk
00:02:08]} {[%emt 00:01:01]} 42. h4 {[%clk 00:01:35]} {[%emt 00:00:25]} Rd7
{[%clk 00:02:05]} {[%emt 00:00:32]} 43. Bd3 {[%clk 00:01:10]} {[%emt 00:00:54]}
Re8 {[%clk 00:01:36]} {[%emt 00:00:59]} 44. Bb5 {[%clk 00:00:53]} {[%emt
00:00:49]} Rb7 {[%clk 00:01:30]} {[%emt 00:00:35]} 45. Ba4 {[%clk 00:01:03]}
{[%emt 00:00:20]} Ra8 {[%clk 00:01:35]} {[%emt 00:00:25]} 46. Rc4 {[%clk
00:01:18]} {[%emt 00:00:16]} Rab8 {[%clk 00:01:16]} {[%emt 00:00:48]} 47. Bc6
{[%clk 00:01:34]} {[%emt 00:00:14]} Ra7 {[%clk 00:01:22]} {[%emt 00:00:24]} 48.
Bd2 {[%clk 00:01:27]} {[%emt 00:00:37]} Qf6 {[%clk 00:01:09]} {[%emt 00:00:43]}
49. Qc3 {[%clk 00:00:54]} {[%emt 00:01:04]} Qf5 {[%clk 00:01:00]} {[%emt
00:00:38]} 50. Qe3 {[%clk 00:00:58]} {[%emt 00:00:26]} Re7 {[%clk 00:01:04]}
{[%emt 00:00:26]} 51. g4 {[%clk 00:00:50]} {[%emt 00:00:38]} hxg4 {[%clk
00:01:08]} {[%emt 00:00:29]} 52. fxg4 {[%clk 00:01:19]} Qf1+ {[%clk 00:01:02]}
{[%emt 00:00:34]} 53. Rc1 {[%clk 00:01:47]} {[%emt 00:00:02]} Qf6 {[%clk
00:01:20]} {[%emt 00:00:12]} 54. Qg5 {[%clk 00:01:58]} {[%emt 00:00:20]} Qg7
{[%clk 00:01:31]} {[%emt 00:00:19]} 55. Bc3 {[%clk 00:02:13]} {[%emt 00:00:15]}
f6 {[%clk 00:01:41]} {[%emt 00:00:20]} 56. Qe3 {[%emt 00:00:56]} Ra7 {[%clk
00:01:49]} 57. Bb2 {[%clk 00:02:15]} {[%emt 00:00:24]} Qe7 {[%clk 00:01:42]}
{[%emt 00:00:36]} 58. a4 {[%clk 00:01:58]} {[%emt 00:00:48]} Rc7 {[%clk
00:01:39]} {[%emt 00:00:33]} 59. h5 {[%clk 00:02:05]} {[%emt 00:00:23]} g5
{[%clk 00:01:37]} {[%emt 00:00:32]} 60. Ka2 {[%clk 00:02:09]} {[%emt 00:00:27]}
Rb4 {[%clk 00:01:26]} {[%emt 00:00:40]} 61. Qf3 {[%clk 00:01:46]} {[%emt
00:00:53]} Rf4 {[%clk 00:01:35]} {[%emt 00:00:21]} 62. Qe2 {[%clk 00:01:46]}
{[%emt 00:00:30]} Bc5 {[%clk 00:01:16]} {[%emt 00:00:49]} 63. Qb5 {[%clk
00:01:37]} {[%emt 00:00:39]} Bd6 {[%clk 00:01:24]} {[%emt 00:00:22]} 64. Qe2
{[%clk 00:01:31]} {[%emt 00:00:37]} e4 {[%clk 00:01:11]} {[%emt 00:00:42]} 65.
Re1 {[%clk 00:00:51]} {[%emt 00:01:10]} Bc5 {[%clk 00:01:17]} {[%emt 00:00:23]}
66. Qc4 {[%clk 00:00:53]} {[%emt 00:00:29]} Bd6 {[%clk 00:01:24]} {[%emt
00:00:22]} 67. b4 {[%clk 00:00:55]} {[%emt 00:00:28]} e3 {[%clk 00:00:49]}
{[%emt 00:01:05]} 68. Qd3 {[%clk 00:00:46]} {[%emt 00:00:40]} Qe4 {[%clk
00:00:43]} {[%emt 00:00:36]} 69. Qxe3 {[%clk 00:00:42]} {[%emt 00:00:34]} Qxe3
{[%clk 00:00:47]} {[%emt 00:00:25]} 70. Rxe3 {[%clk 00:01:10]} {[%emt
00:00:02]} Rxg4 {[%clk 00:01:03]} {[%emt 00:00:14]} 71. Re6 {[%clk 00:01:03]}
{[%emt 00:00:38]} Bf8 {[%clk 00:00:57]} {[%emt 00:00:36]} 72. d6 {[%clk
00:00:43]} {[%emt 00:00:51]} Rxc6 {[%clk 00:00:42]} {[%emt 00:00:45]} 73. d7
{[%clk 00:01:10]} {[%emt 00:00:02]} Rxe6 {[%clk 00:01:01]} {[%emt 00:00:10]} 74.
d8=Q {[%clk 00:01:13]} {[%emt 00:00:28]} Rxb4 {[%clk 00:01:03]} {[%emt
00:00:27]} 75. Ba3 {[%clk 00:01:17]} {[%emt 00:00:27]} Rd6 {[%clk 00:00:48]}
{[%emt 00:00:45]} 76. Qxf8+ {[%clk 00:01:09]} {[%emt 00:00:37]} Kxf8 {[%clk
00:00:55]} {[%emt 00:00:23]} 77. Bxb4 {[%clk 00:01:36]} {[%emt 00:00:03]} Ke7
{[%clk 00:01:10]} {[%emt 00:00:14]} 78. Bxd6+ {[%clk 00:01:59]} {[%emt
00:00:08]} Kxd6 {[%clk 00:01:33]} {[%emt 00:00:07]} 79. h6 {[%clk 00:02:27]}
{[%emt 00:00:03]} Ke7 {[%clk 00:01:50]} {[%emt 00:00:13]} 80. h7 {[%clk
00:02:51]} {[%emt 00:00:06]} f5 {[%clk 00:02:12]} {[%emt 00:00:07]} 81. h8=Q
{[%clk 00:03:10]} {[%emt 00:00:11]} Kd7 {[%clk 00:02:37]} {[%emt 00:00:05]} 82.
Qe5 {[%clk 00:03:35]} {[%emt 00:00:05]} Kc8 {[%clk 00:03:02]} {[%emt 00:00:05]}
83. Qxf5+ {[%clk 00:04:02]} {[%emt 00:00:03]} Kb7 {[%clk 00:03:27]} {[%emt
00:00:06]} 84. Qxg5 {[%clk 00:04:28]} {[%emt 00:00:04]} Ka8 {[%clk 00:03:52]}
{[%emt 00:00:05]} 85. Qa5+ {[%clk 00:04:53]} {[%emt 00:00:05]} Kb8 {[%clk
00:04:17]} {[%emt 00:00:05]} 86. Qa6 {[%clk 00:05:18]} {[%emt 00:00:05]} Kc7
{[%clk 00:04:42]} {[%emt 00:00:04]} 87. a5 {[%clk 00:05:44]} {[%emt 00:00:05]}
Kb8 {[%clk 00:05:07]} {[%emt 00:00:04]} 88. Ka3 {[%clk 00:06:05]} {[%emt
00:00:09]} Kc7 {[%clk 00:05:32]} {[%emt 00:00:06]} 89. Qb6+ {[%clk 00:06:31]}
{[%emt 00:00:04]} Kc8 {[%clk 00:05:58]} {[%emt 00:00:04]} 90. Qa7 {[%clk
00:06:57]} {[%emt 00:00:04]} Kd8 {[%clk 00:06:23]} {[%emt 00:00:04]} 91. Qb7
{[%clk 00:07:24]} {[%emt 00:00:04]} Ke8 {[%clk 00:06:49]} {[%emt 00:00:04]} 92.
a6 {[%clk 00:07:51]} {[%emt 00:00:03]} Kd8 {[%clk 00:07:14]} {[%emt 00:00:04]}
93. a7 {[%clk 00:08:21]} Ke8 {[%clk 00:07:39]} {[%emt 00:00:05]} 94. a8=R#
{[%clk 00:08:46]} {[%emt 00:00:06]} 1-0